| Tag |
First Indicator |
Second Indicator |
Subfields |
| LEADER |
00000cam a2200000 a 4500 |
| 001 |
in00000782843 |
| 005 |
20151017063202.0 |
| 008 |
860522s1822 enk 00011 eng d |
| 035 |
|
|
|a (OCoLC)13619337
|
| 035 |
|
|
|9 ADN1184AM
|
| 040 |
|
|
|a VTU
|c VTU
|d m/c
|d TXA
|d UtOrBLW
|
| 049 |
1 |
|
|a TXA1 [RARE]
|
| 090 |
|
|
|a Z232.C49
|b J63 1822
|
| 100 |
1 |
|
|a Johnson, Samuel,
|d 1709-1784.
|
| 245 |
1 |
4 |
|a The history of Rasselas, prince of Abyssinia :
|b a tale /
|c by Samuel Johnson.
|
| 264 |
|
1 |
|a Chiswick :
|b From the Press of C. Whittingham, sold by R. Jennings [etc.],
|c 1822.
|
| 300 |
|
|
|a 144 pages ;
|c 13 cm.
|
| 336 |
|
|
|a text
|b txt
|2 rdacontent
|
| 337 |
|
|
|a unmediated
|b n
|2 rdamedia
|
| 338 |
|
|
|a volume
|b nc
|2 rdacarrier
|
| 500 |
|
|
|a Added title page , engraved , with imprint date 1818.
|
| 740 |
0 |
|
|a Rasselas.
|
| 710 |
2 |
|
|a Chiswick Press.
|
| 999 |
|
|
|a MARS
|
| 999 |
f |
f |
|s c753eec6-28d1-3d95-ac84-6db1318ce081
|i 6eb3bc50-0848-3638-818a-184d6ef66511
|t 0
|
| 952 |
f |
f |
|p noncirc
|a Texas A&M University
|b College Station
|c Cushing Memorial Library & Archives
|d Cushing: Rare Books (Does not check out)
|t 0
|e Z232.C49 J63 1822
|h Library of Congress classification
|i unmediated -- volume
|
| 998 |
f |
f |
|a Z232.C49 J63 1822
|t 0
|l Cushing: Rare Books (Does not check out)
|